000 00223 a2200097 4500
001 22812
100 _aFrench, T E
245 _aFundamentals of Engineering Drawing
260 _a
_bMcGraw-Hill
_c1960
090 _c15427
_d15427
942 _aNUST-CAE
_cM
_c6033
999 _c257885
_d257885